| 000 | 01195cam a2200289 4500 | ||
|---|---|---|---|
| 008 | 031029n2003 000 0 eng u | ||
| 020 | _a0415247896 | ||
| 035 | _a(Sirsi) u124140 | ||
| 041 | _aeng | ||
| 050 |
_a307.12160973 _c21 |
||
| 050 |
_a711.10973 _c18 |
||
| 100 | _aCullingworth, J. Barry | ||
| 245 |
_aPlanning in the USA _bpolicies, issues and processes |
||
| 250 | _a2nd ed. | ||
| 260 |
_aLondon _bRoutledge _c2003 |
||
| 300 |
_axxvii, 354p. _bill. _c25cm. |
||
| 350 | _a24.99 | ||
| 520 | _aThis second edition text provides a thorough introduction to the policies, theory and practice of planning in the United States. Divided into six parts, this book deals with planning and government; land use regulation; quality of the environment; growth management; development issues; and environmental planning. Also incorporates new planning legislation and regulations at the state and federal levels of government. References. | ||
| 650 | _aUNITED STATES | ||
| 650 | _aLAND USE PLANNING | ||
| 650 | _aDEVELOPMENT | ||
| 650 | _aENVIRONMENTAL PLANNING | ||
| 650 | _aURBAN PLANNING | ||
| 690 |
_aPlanning and development _96259 |
||
| 700 | _aCaves, Roger W. | ||
| 942 | _n0 | ||
| 999 |
_c103167 _d103167 |
||